| 000 | 00568nam a2200193Ia 4500 | ||
|---|---|---|---|
| 003 | GCL | ||
| 008 | 140319s9999 xx 000 0 ara d | ||
| 040 |
_aGCL / _cGCL |
||
| 082 | 0 | 4 |
_a216 _bح د |
| 100 | 1 | _aحسين احمد امين | |
| 245 | 1 | 0 |
_aدليل المسلم الحزين / _cحسين احمد امين |
| 260 |
_a[S.N] : _bمكتبة مدبولى ، _c1987 |
||
| 300 | _a4000 | ||
| 490 | _a | ||
| 650 | 0 | 4 | _aالاسلام والمجتمع |
| 650 | 0 | 4 | _aالشريعة الاسلامية |
| 650 | 0 | 4 | _aالفقه الاسلامى |
| 942 |
_2ddc _cBK |
||
| 999 |
_c54876 _d54876 |
||